=LDR 00000nam 2200000 4500 =001 INLIS000000000010744 =005 20130612102349 =008 ***********************************Ind** =035 ##$$0010-061300000010744 =041 ##$$a Ind =082 ##$$a 378. 598 =090 ##$$a 378. 598 kom k =245 ##$$a kompetisi Perguruan Tinggi Islam swasta dlm Pembangunan jangka pjg tahap kedua =260 ##$$a 1993 $b Yogya =300 ##$$a XXIV, 192 hlm, 21 cm =650 ##$$a Pendidikan Tinggi =850 ##$$a NBPNMAT